|
|
|
|
| LEADER |
01035nam a22002771 4500 |
| 001 |
41237 |
| 003 |
BD-DhAAL |
| 008 |
230523t1967 wauab b 000 0 eng d |
| 010 |
|
|
|a 68002601
|
| 040 |
|
|
|a DLC
|c DLC
|d DLC
|d BD-DhAAL
|
| 043 |
|
|
|a a------
|
| 050 |
0 |
0 |
|a HN663.5
|b .F8
|
| 082 |
0 |
0 |
|a 301.35095
|
| 100 |
1 |
|
|a Fukutake, Tadashi,
|d 1917-1989.
|9 54328
|
| 245 |
1 |
0 |
|a Asian rural society :
|b China, India, Japan /
|c Tadashi Fukutake.
|
| 260 |
|
|
|a Seattle :
|b University of Washington Press,
|c c1967.
|
| 300 |
|
|
|a ix, 207 pages :
|b illustrations, maps ;
|c 23 cm.
|
| 500 |
|
|
|a Essays.
|
| 504 |
|
|
|a Includes bibliographical references and index.
|
| 541 |
|
|
|a Donated By Akbar Ali Khan
|e 41237
|
| 650 |
|
|
|a Sociology.
|
| 651 |
|
0 |
|a Asia
|x Rural conditions.
|
| 852 |
|
|
|a Ayesha Abed Library
|c Akbar Ali Khan Collection
|
| 942 |
|
|
|2 ddc
|c BK
|
| 999 |
|
|
|c 45799
|d 45799
|
| 952 |
|
|
|0 0
|1 0
|2 ddc
|4 0
|6 301_350950000000000_FUK
|7 1
|9 73680
|a BRACUL
|b BRACUL
|c AAKC
|d 2023-05-23
|e Donated By Akbar Ali Khan
|l 0
|o 301.35095 FUK
|p 3010041237
|r 2023-05-23
|t 1
|w 2023-05-23
|y BK
|